[Event "Classical Bliss 2026.02"]
[Site "Montreal CAN"]
[Date "2026.03.05"]
[Round "5"]
[White "Singher, Jean-Pierre"]
[Black "Nassif, Aba"]
[Result "0-1"]
[WhiteElo "1897"]
[BlackElo "1949"]
[WhiteFideId "-1"]
[BlackFideId "-1"]
[PlyCount "65"]
[GameId "2287298614058058"]
[EventDate "2026.02.05"]
[EventType "swiss"]
[EventRounds "5"]
[EventCountry "CAN"]

1. d4 Nf6 2. Nf3 e6 3. c4 d5 4. g3 Be7 5. Bg2 O-O 6. O-O dxc4 7. Na3 Bxa3 8. bxa3 Bd7 9. a4 Bc6 10. Ba3 Re8 11. Qc2 Nbd7 12. a5 b5 13. axb6 axb6 14. Bb2 b5 15. a4 Be4 16. Qc1 c6 17. Rd1 Nb6 18. axb5 cxb5 19. Ba3 Nfd5 20. Bc5 Na4 21. Ne5 Bxg2 22. Kxg2 Nxc5 23. dxc5 Qc7 24. Rxa8 Rxa8 25. Ng4 h5 26. e4 Nb4 27. Qc3 Nd3 28. Ne3 Ra2 29. Nc2 Qc6 30. f3 Qxc5 31. Rxd3 cxd3 32. Qxc5 Rxc2+ 33. Qxc2 0-1

[Event "Classical Bliss 2026.02"]
[Site "Montreal CAN"]
[Date "2026.03.05"]
[Round "5"]
[White "Paikin, Andrei"]
[Black "Devilliers, Benoit"]
[Result "1-0"]
[WhiteElo "1882"]
[BlackElo "1122"]
[WhiteFideId "-1"]
[BlackFideId "-1"]
[PlyCount "81"]
[GameId "2287298614058059"]
[EventDate "2026.02.05"]
[EventType "swiss"]
[EventRounds "5"]
[EventCountry "CAN"]

1. c4 g6 2. Nc3 Bg7 3. e4 c5 4. g3 Nc6 5. Nge2 Nf6 6. Bg2 O-O 7. O-O Rb8 8. d3 a6 9. Be3 d6 10. a4 Ng4 11. Bc1 Qc7 12. Nd5 Qd8 13. Rb1 Nf6 14. Nec3 e6 15. Nf4 Qd7 16. h3 Nd4 17. Nfe2 Nc6 18. Kh2 b6 19. f4 Qc7 20. Be3 Ne7 21. b4 Kh8 22. e5 dxe5 23. bxc5 bxc5 24. Rxb8 Qxb8 25. Bxc5 Qc7 26. fxe5 Ng4+ 27. hxg4 Qxc5 28. d4 Qxc4 29. Ne4 Bd7 30. Nd6 Qxa4 31. Qxa4 Bxa4 32. Nc3 Bc2 33. Nxf7+ Kg8 34. Ng5 Bb3 35. Rb1 Bc4 36. Rb7 Bh6 37. Nxh7 Kxh7 38. Rxe7+ Kg8 39. Ne4 Rf7 40. Rxf7 Kxf7 41. Nd6+ 1-0

[Event "Classical Bliss 2026.02 U1600"]
[Site "Montreal CAN"]
[Date "2026.02.05"]
[Round "1.1"]
[White "Huang, Yuxuan"]
[Black "Bradley, Dave"]
[Result "1-0"]
[WhiteElo "1380"]
[BlackElo "964"]
[WhiteFideId "-1"]
[BlackFideId "-1"]
[PlyCount "89"]
[GameId "2287298614058060"]
[EventDate "2026.02.05"]
[EventType "swiss"]
[EventRounds "5"]
[EventCountry "CAN"]

1. e4 d6 2. d4 Nf6 3. Nc3 g6 4. Bg5 Bg7 5. f4 O-O 6. Nf3 Nbd7 7. Bd3 c5 8. d5 a6 9. a4 Qc7 10. Qe2 e5 11. fxe5 dxe5 12. b3 Qa5 13. Rb1 Nh5 14. Qd2 Qc7 15. g3 b6 16. O-O f6 17. d6 Qc6 18. Bc4+ Kh8 19. Bd5 Qxd6 20. Bxa8 Qxd2 21. Nxd2 fxg5 22. Rxf8+ Bxf8 23. Nd5 Ndf6 24. Nxb6 Be6 25. Nd5 Bd6 26. Rf1 Kg7 27. Bb7 g4 28. Nxf6 Nxf6 29. Bxa6 Kf7 30. Bc4 Ke7 31. Bxe6 Kxe6 32. a5 Bb8 33. c3 Nd7 34. Nc4 Ba7 35. Kg2 h5 36. b4 cxb4 37. cxb4 Bd4 38. b5 Nc5 39. b6 Na6 40. Rf8 Kd7 41. Ra8 Nc5 42. a6 Kc6 43. Rc8+ Kd7 44. Rxc5 Bxc5 45. a7 1-0

[Event "Classical Bliss 2026.02 U1600"]
[Site "Montreal CAN"]
[Date "2026.02.05"]
[Round "1.2"]
[White "Levesque, Christopher"]
[Black "Trottier, Alexandre"]
[Result "1-0"]
[WhiteElo "917"]
[BlackElo "964"]
[WhiteFideId "-1"]
[BlackFideId "-1"]
[PlyCount "102"]
[GameId "2287298614070349"]
[EventDate "2026.02.05"]
[EventType "swiss"]
[EventRounds "5"]
[EventCountry "CAN"]

1. e4 e5 2. Nf3 Nc6 3. Bb5 Bc5 4. O-O Nd4 5. Nxd4 Bxd4 6. d3 c6 7. Bc4 d5 8. exd5 cxd5 9. c3 Bxf2+ 10. Rxf2 dxc4 11. Qf3 Qf6 12. Nd2 Qxf3 13. Rxf3 cxd3 14. Rxd3 Nf6 15. Nc4 O-O 16. Nxe5 Re8 17. Bf4 Bf5 18. Rd4 Re7 19. Rad1 Rae8 20. Nf3 Re2 21. Be5 R8xe5 22. Nxe5 Rxe5 23. Rd6 Kf8 24. h3 Re7 25. g4 Bc2 26. Rd8+ Re8 27. Rxe8+ Kxe8 28. Re1+ Kd7 29. g5 Ne4 30. Re2 Bb1 31. Re1 Nd2 32. Rd1 Bxa2 33. Rxd2+ Kc6 34. Kf2 b5 35. b4 Kb6 36. Rxa2 g6 37. h4 a6 38. Ke3 Kc6 39. Rxa6+ Kd5 40. Ra5 Ke6 41. Rxb5 f6 42. gxf6 Kxf6 43. Rb6+ Kf5 44. b5 Kg4 45. Rf6 Kxh4 46. b6 g5 47. b7 g4 48. b8=Q g3 49. Qb4+ Kh3 50. Rh6+ Kg2 51. Qb2+ Kg1 1-0

[Event "Classical Bliss 2026.02 U1600"]
[Site "Montreal CAN"]
[Date "2026.02.05"]
[Round "1.4"]
[White "Chabot, Claude"]
[Black "Wildmann, Davi"]
[Result "1-0"]
[WhiteElo "1401"]
[BlackElo "1675"]
[WhiteFideId "-1"]
[BlackFideId "-1"]
[PlyCount "59"]
[GameId "2287298614070350"]
[EventDate "2026.02.05"]
[EventType "swiss"]
[EventRounds "5"]
[EventCountry "CAN"]

1. c3 c5 2. d4 cxd4 3. Qxd4 Nc6 4. Qa4 d5 5. Bf4 Bd7 6. Qb3 e5 7. Bg3 Qb6 8. Qxb6 axb6 9. Nd2 Nf6 10. e3 Nh5 11. Be2 Nxg3 12. hxg3 Bd6 13. Ngf3 Ke7 14. a3 f6 15. O-O-O Bf5 16. Nh4 Be6 17. e4 d4 18. Nb1 Na5 19. b4 Nc6 20. c4 Rhc8 21. Nf5+ Kd7 22. Nxg7 Bf7 23. Bg4+ Kd8 24. Bxc8 Rxc8 25. Nf5 Bf8 26. Rxh7 Ke8 27. Nd2 Nd8 28. Rh8 Rc6 29. Kb2 b5 30. c5 1-0

[Event "Classical Bliss 2026.02 U1600"]
[Site "Montreal CAN"]
[Date "2026.02.19"]
[Round "3"]
[White "Levesque, Christopher"]
[Black "?"]
[Result "0-1"]
[WhiteElo "917"]
[BlackElo "1380"]
[WhiteFideId "-1"]
[BlackFideId "-1"]
[PlyCount "64"]
[GameId "2287298614078544"]
[EventDate "2026.02.05"]
[EventType "swiss"]
[EventRounds "5"]
[EventCountry "CAN"]

1. e4 c5 2. c3 d5 3. exd5 Qxd5 4. d4 Nf6 5. Nf3 e6 6. Be2 Nc6 7. Be3 cxd4 8. cxd4 Qd8 9. O-O Be7 10. Nc3 O-O 11. h3 Nb4 12. Ng5 Nbd5 13. Nce4 Nxe4 14. Nxe4 b6 15. Bd3 Bb7 16. Qh5 g6 17. Qh6 Nxe3 18. fxe3 Bxe4 19. Bxe4 Bg5 20. Qxf8+ Qxf8 21. Bxa8 Bxe3+ 22. Kh1 Qxa8 23. Rae1 Bxd4 24. b3 Qc8 25. Rc1 Qb7 26. Rc2 e5 27. Re2 Qa6 28. Rfe1 Bc3 29. Rxe5 Bxe5 30. Rxe5 Qf1+ 31. Kh2 Qf4+ 32. Kg1 Qxe5 0-1

[Event "Classical Bliss 2026.02 U1600"]
[Site "Montreal CAN"]
[Date "2026.02.19"]
[Round "3"]
[White "Bradley, Dave"]
[Black "Chabot, Claude"]
[Result "0-1"]
[WhiteElo "964"]
[BlackElo "1401"]
[WhiteFideId "-1"]
[BlackFideId "-1"]
[PlyCount "44"]
[GameId "2287298614078545"]
[EventDate "2026.02.05"]
[EventType "swiss"]
[EventRounds "5"]
[EventCountry "CAN"]

1. d4 Nc6 2. Nc3 g6 3. Bf4 e6 4. e3 Bb4 5. a3 Ba5 6. b4 Bb6 7. Nf3 a5 8. b5 Nce7 9. Be2 a4 10. O-O d5 11. h4 Nf5 12. e4 dxe4 13. Nxe4 Nxh4 14. Nxh4 Qxh4 15. Bg5 Qxe4 16. c3 f6 17. Be3 Qd5 18. c4 Qd8 19. Qd3 c6 20. Rab1 Ne7 21. f3 e5 22. Rfd1 Bf5 0-1

[Event "Classical Bliss 2026.02 U1600"]
[Site "Montreal CAN"]
[Date "2026.02.26"]
[Round "4"]
[White "Chabot, Claude"]
[Black "Levesque, Christopher"]
[Result "1-0"]
[WhiteElo "1401"]
[BlackElo "917"]
[WhiteFideId "-1"]
[BlackFideId "-1"]
[PlyCount "81"]
[GameId "2287298614078546"]
[EventDate "2026.02.05"]
[EventType "swiss"]
[EventRounds "5"]
[EventCountry "CAN"]

1. c3 Nf6 2. d4 g6 3. Bf4 d6 4. e3 Bg7 5. Bd3 a6 6. Ne2 O-O 7. O-O Nc6 8. Nd2 e5 9. Bg3 Re8 10. a4 e4 11. Bc2 Bh6 12. Qb1 d5 13. b4 b6 14. Rc1 Bf5 15. c4 Qe7 16. cxd5 Nxd5 17. b5 Na5 18. Bb3 Qb4 19. Bxd5 Qxd2 20. Ra2 Qd3 21. Bxa8 Rxa8 22. Nf4 Qb3 23. Qxb3 Nxb3 24. Rc3 Nxd4 25. exd4 Rd8 26. Ne2 a5 27. Bxc7 Re8 28. Bxb6 e3 29. f3 Bb1 30. Rb2 Bf5 31. Bxa5 Bg5 32. b6 Bc8 33. b7 Bxb7 34. Rxb7 Bd8 35. Bxd8 Rxd8 36. Rcc7 Re8 37. Rxf7 Rf8 38. Rxh7 Rf7 39. Rhxf7 g5 40. Rfc7 g4 41. Rc8# 1-0

[Event "Classical Bliss 2026.02 U1600"]
[Site "Montreal CAN"]
[Date "2026.02.26"]
[Round "4"]
[White "Trottier, Alexandre"]
[Black "Huang, Yuxuan"]
[Result "1-0"]
[WhiteElo "1125"]
[BlackElo "1380"]
[WhiteFideId "-1"]
[BlackFideId "-1"]
[PlyCount "65"]
[GameId "2287298614078547"]
[EventDate "2026.02.05"]
[EventType "swiss"]
[EventRounds "5"]
[EventCountry "CAN"]

1. e4 c5 2. c3 d5 3. exd5 Qxd5 4. d4 Nf6 5. Nf3 e6 6. Be2 Nc6 7. O-O cxd4 8. cxd4 Be7 9. Nc3 Qd6 10. Be3 O-O 11. a3 b6 12. Rc1 Bb7 13. Qb3 Na5 14. Qc2 Rac8 15. Ne5 Nd5 16. Bd3 h6 17. Qd1 Nxc3 18. bxc3 Bf6 19. f4 Qxa3 20. Nd7 Rfd8 21. Nxf6+ gxf6 22. f5 Kf8 23. Bxh6+ Ke7 24. fxe6 fxe6 25. Bg7 f5 26. Qe2 Rg8 27. Bxf5 Qd6 28. Bf6+ Kd7 29. Bh3 Bd5 30. Be5 Qc6 31. Rf7+ Kd8 32. Bf6+ Ke8 33. Qh5 1-0

[Event "Classical Bliss 2026.02 U1600"]
[Site "Montreal CAN"]
[Date "2026.03.05"]
[Round "5"]
[White "Chabot, Claude"]
[Black "Trottier, Alexandre"]
[Result "0-1"]
[WhiteElo "1401"]
[BlackElo "1125"]
[WhiteFideId "-1"]
[BlackFideId "-1"]
[PlyCount "114"]
[GameId "2287298614086740"]
[EventDate "2026.02.05"]
[EventType "swiss"]
[EventRounds "5"]
[EventCountry "CAN"]

1. c3 d5 2. d4 Nf6 3. Bf4 Nc6 4. e3 Bf5 5. Bd3 Bxd3 6. Qxd3 e6 7. Nd2 Bd6 8. Bg3 Bxg3 9. hxg3 e5 10. dxe5 Nxe5 11. Qf5 Qe7 12. O-O-O g6 13. Qc2 Nfg4 14. Rf1 O-O-O 15. Ngf3 Kb8 16. Ne1 Qf6 17. Qa4 Nxf2 18. Kb1 g5 19. Nc2 Ned3 20. Nd4 Qg6 21. Qc2 Nxh1 22. Rxh1 Nf2 23. Rf1 Qxc2+ 24. Kxc2 Ng4 25. Kd3 Rhe8 26. Nc2 c5 27. b3 c4+ 28. Ke2 cxb3 29. axb3 Re7 30. Nf3 Rde8 31. Nxg5 Nxe3 32. Nxe3 Rxe3+ 33. Kd2 Rxg3 34. Nxh7 Rxg2+ 35. Kd3 Rg7 36. Nf6 Rd8 37. Rf5 Rg3+ 38. Kd4 Rc8 39. Nxd5 Rd8 40. Rxf7 Rg4+ 41. Kc5 b6+ 42. Kc6 Rg6+ 43. Nf6 Rc8+ 44. Kd7 Rc7+ 45. Ke8 Rxf7 46. Kxf7 Rg3 47. Nd5 Kb7 48. Ke6 Kc6 49. b4 Rd3 50. c4 Rd4 51. Ne7+ Kb7 52. Nf5 Rd1 53. Nd6+ Kc6 54. Nc8 Re1+ 55. Kf5 a5 56. Na7+ Kb7 57. Nb5 axb4 0-1

[Event "Classical Bliss 2026.02 U1600"]
[Site "Montreal CAN"]
[Date "2026.03.05"]
[Round "5"]
[White "Bradley, Dave"]
[Black "Levesque, Christopher"]
[Result "1-0"]
[WhiteElo "964"]
[BlackElo "917"]
[WhiteFideId "-1"]
[BlackFideId "-1"]
[PlyCount "89"]
[GameId "2287298614086741"]
[EventDate "2026.02.05"]
[EventType "swiss"]
[EventRounds "5"]
[EventCountry "CAN"]

1. d4 Nf6 2. Nc3 g6 3. Bf4 Bg7 4. e3 d5 5. Be2 O-O 6. h4 Bg4 7. f3 Bf5 8. g4 e6 9. Bd3 Bxd3 10. Qxd3 c5 11. O-O-O Nc6 12. Nge2 Qb6 13. a3 c4 14. Qd2 Rac8 15. h5 Nb4 16. axb4 Qa6 17. Kb1 b5 18. Ng3 Nd7 19. e4 e5 20. Be3 h6 21. exd5 exd4 22. Bxd4 Bxd4 23. Qxd4 Qd6 24. Nce4 Qe5 25. Qe3 g5 26. Nf5 Kh7 27. Nxg5+ hxg5 28. Qxg5 Qf6 29. Qxf6 Nxf6 30. Nd6 Rb8 31. Rhe1 Rb6 32. Ne4 Nd7 33. g5 f6 34. g6+ Kg7 35. f4 f5 36. Ng5 Nf6 37. Ne6+ Rxe6 38. Rxe6 Nxd5 39. Rxd5 Rf6 40. Rxf6 Kxf6 41. Rd6+ Kg7 42. Rd7+ Kh6 43. g7 Kxh5 44. g8=Q Kh4 45. Rh7# 1-0

[Event "Hart House Reading Week op"]
[Site "Toronto CAN"]
[Date "2026.02.14"]
[Round "1.1"]
[White "Huang, Youhe"]
[Black "Noritsyn, Nikolay"]
[Result "1-0"]
[WhiteElo "2094"]
[BlackElo "2463"]
[WhiteFideId "-1"]
[BlackFideId "-1"]
[PlyCount "85"]
[GameId "2277470067826688"]
[EventDate "2026.02.14"]
[EventType "swiss"]
[EventRounds "6"]
[EventCountry "CAN"]

1. e4 c5 2. Nf3 e6 3. d4 cxd4 4. Nxd4 a6 5. Nc3 b5 6. g4 Bb7 7. Bg2 Nc6 8. Be3 Nge7 9. Nxc6 Bxc6 10. h4 Ng6 11. g5 f5 12. Nd5 exd5 13. exf5 d4 14. Bxc6 dxc6 15. Bxd4 Nf4 16. O-O Qd5 17. Re1+ Be7 18. Qg4 Qxd4 19. Rad1 Qc5 20. f6 Nd5 21. Rxd5 Qxd5 22. Rxe7+ Kd8 23. Qf4 Rc8 24. Re3 gxf6 25. Rd3 Qxd3 26. Qxf6+ Kc7 27. cxd3 Rcd8 28. f4 Kb6 29. Kg2 Rhe8 30. Kf3 h5 31. gxh6 Rxd3+ 32. Kg4 Rg8+ 33. Kh5 Rd7 34. f5 a5 35. Qe6 Rgd8 36. f6 Rd6 37. Qe3+ c5 38. Kg6 Rg8+ 39. Kf7 Rc8 40. h7 Rdd8 41. Kg7 b4 42. f7 a4 43. Qe6+ 1-0

[Event "Hart House Reading Week op"]
[Site "Toronto CAN"]
[Date "2026.02.14"]
[Round "1.2"]
[White "Atanasov, Anthony"]
[Black "Zhao, Jeffrey R"]
[Result "1-0"]
[WhiteElo "2441"]
[BlackElo "2094"]
[WhiteFideId "-1"]
[BlackFideId "-1"]
[PlyCount "73"]
[GameId "2277470067847168"]
[EventDate "2026.02.14"]
[EventType "swiss"]
[EventRounds "6"]
[EventCountry "CAN"]

1. d4 Nf6 2. Bf4 d5 3. e3 c5 4. Nf3 Nc6 5. Nbd2 e6 6. c3 Bd6 7. Bg3 O-O 8. Bd3 b6 9. e4 Be7 10. e5 Nh5 11. Ng5 Bxg5 12. Qxh5 g6 13. Qe2 cxd4 14. h4 Be7 15. Nf3 dxc3 16. bxc3 Bb7 17. Qe3 Kg7 18. Bf4 Rh8 19. h5 d4 20. cxd4 Nb4 21. Be4 Bxe4 22. Bh6+ Kg8 23. Qxe4 Qd5 24. Qe2 Rc8 25. O-O f5 26. Rfc1 Kf7 27. Qd2 Qe4 28. Ng5+ Bxg5 29. Bxg5 Nc2 30. d5 Qd4 31. Qxd4 Nxd4 32. Rxc8 Rxc8 33. d6 Ke8 34. Rd1 Rc4 35. hxg6 hxg6 36. d7+ Kxd7 37. Be3 1-0

[Event "Hart House Reading Week op"]
[Site "Toronto CAN"]
[Date "2026.02.14"]
[Round "1.3"]
[White "Marchand, Calix"]
[Black "Plotkin, Mark"]
[Result "1/2-1/2"]
[WhiteElo "2088"]
[BlackElo "2370"]
[WhiteFideId "-1"]
[BlackFideId "-1"]
[PlyCount "163"]
[GameId "2277470067851264"]
[EventDate "2026.02.14"]
[EventType "swiss"]
[EventRounds "6"]
[EventCountry "CAN"]

1. e4 g6 2. d4 Bg7 3. Nf3 d6 4. Nc3 a6 5. a4 Nc6 6. d5 Nb4 7. a5 e6 8. Ra4 c5 9. dxc6 Nxc6 10. Bf4 e5 11. Bg5 Nge7 12. Nd5 Be6 13. Bc4 O-O 14. Qd2 Bxd5 15. Bxd5 Qd7 16. Bxe7 Nxe7 17. Rb4 Rab8 18. O-O Nxd5 19. Qxd5 Rfc8 20. Rb6 Rc5 21. Qd3 d5 22. b4 Rc4 23. Rd1 Rd8 24. Qxc4 dxc4 25. Rxd7 Rxd7 26. Kf1 f5 27. Re6 c3 28. Re8+ Kf7 29. Rc8 Bf6 30. Rc4 Ke6 31. Ke2 fxe4 32. Rxe4 Kf5 33. Ke3 h5 34. Rc4 g5 35. Rxc3 Rd4 36. Rb3 Rd1 37. Ke2 Rc1 38. Rc3 Rb1 39. Rc4 g4 40. Nd2 Rh1 41. Ne4 Rxh2 42. Nxf6 Kxf6 43. g3 Ke6 44. Rc7 h4 45. gxh4 g3 46. Kf3 gxf2 47. Ke2 e4 48. Rc8 Kd7 49. Rc3 Kd6 50. h5 Ke5 51. Rc7 Kf6 52. Rc3 Kg5 53. h6 Kf4 54. Rc7 e3 55. Rf7+ Ke4 56. Re7+ Kd4 57. c3+ Kxc3 58. Rxe3+ Kxb4 59. Re7 Kxa5 60. Rxb7 Rxh6 61. Kxf2 Re6 62. Rb1 Ka4 63. Ra1+ Kb5 64. Rb1+ Kc4 65. Ra1 Kb3 66. Kf1 Rh6 67. Ke2 Kc2 68. Ra2+ Kb1 69. Ra5 Rd6 70. Ra4 Kc2 71. Ra2+ Kc3 72. Ra4 Kb3 73. Ra1 Kc4 74. Rc1+ Kb5 75. Rb1+ Kc6 76. Rd1 Rh6 77. Kd2 a5 78. Kc1 Kb5 79. Rd4 Rh3 80. Kb2 a4 81. Rg4 Rh2+ 82. Ka3 1/2-1/2

[Event "Hart House Reading Week op"]
[Site "Toronto CAN"]
[Date "2026.02.14"]
[Round "1.4"]
[White "Ivanov, Mike"]
[Black "Dhaliwal, Jaipreet Singh"]
[Result "1/2-1/2"]
[WhiteElo "2367"]
[BlackElo "2085"]
[WhiteFideId "-1"]
[BlackFideId "-1"]
[PlyCount "136"]
[GameId "2277470067859456"]
[EventDate "2026.02.14"]
[EventType "swiss"]
[EventRounds "6"]
[EventCountry "CAN"]

1. Nf3 Nf6 2. g3 g6 3. d4 Bg7 4. Bg2 O-O 5. O-O d6 6. Re1 Nbd7 7. e4 e5 8. Nc3 c6 9. a4 Re8 10. h3 Qc7 11. Be3 a6 12. a5 b5 13. axb6 Nxb6 14. dxe5 dxe5 15. Nd2 Be6 16. Ra5 Red8 17. Qa1 Rxd2 18. Bxd2 Nc4 19. Rxa6 Rxa6 20. Qxa6 Nxd2 21. Rd1 Nc4 22. Na4 Nd7 23. b3 Nd6 24. c4 Bf8 25. Qa8 Kg7 26. Qa6 Nb7 27. Rb1 Bb4 28. Qa7 Qb8 29. Qa6 Qc7 30. Qa7 Qc8 31. Nb2 Nbc5 32. Kh2 Qb8 33. Qxb8 Nxb8 34. Na4 Nxa4 35. bxa4 c5 36. Bf1 Nc6 37. Kg2 Na5 38. Rc1 Bd7 39. Ra1 Kf6 40. h4 Ke7 41. f3 Be6 42. Rc1 Bd7 43. Ra1 h6 44. g4 Be6 45. Rc1 Bd7 46. Ra1 f5 47. exf5 gxf5 48. Kg3 f4+ 49. Kg2 Be6 50. Rc1 Kf6 51. Bd3 Bd7 52. g5+ hxg5 53. h5 Kg7 54. h6+ Kh8 55. Kf2 Bc6 56. Rg1 e4 57. Bxe4 Bxe4 58. fxe4 Kh7 59. Rxg5 Kxh6 60. Rf5 Kg6 61. Rxf4 Nxc4 62. Ke2 Nb6 63. e5 Nxa4 64. e6 Nc3+ 65. Kd3 Nd5 66. Rf3 Nc7 67. e7 c4+ 68. Kxc4 Bxe7 1/2-1/2

[Event "Hart House Reading Week op"]
[Site "Toronto CAN"]
[Date "2026.02.14"]
[Round "1.5"]
[White "Findlay, Ian"]
[Black "Razin, Vadim"]
[Result "0-1"]
[WhiteElo "2065"]
[BlackElo "2336"]
[WhiteFideId "-1"]
[BlackFideId "-1"]
[PlyCount "112"]
[GameId "2277470067863552"]
[EventDate "2026.02.14"]
[EventType "swiss"]
[EventRounds "6"]
[EventCountry "CAN"]

1. e4 e6 2. d4 d5 3. Nd2 Be7 4. Ngf3 Nf6 5. Bd3 c5 6. e5 Nfd7 7. c3 Nc6 8. O-O g5 9. h3 Qc7 10. Re1 h5 11. Nf1 g4 12. hxg4 hxg4 13. N3h2 cxd4 14. cxd4 Nxd4 15. Nxg4 Nc6 16. Bf4 Nc5 17. Bc2 Bd7 18. a3 a5 19. Qd2 Qb6 20. Rab1 a4 21. Nf6+ Bxf6 22. exf6 O-O-O 23. Qd1 Rdg8 24. Re3 d4 25. Rg3 e5 26. Rxg8+ Rxg8 27. Bg3 Qd8 28. Bxa4 Qxf6 29. Rc1 Ne4 30. Bc2 Nxg3 31. Nxg3 Qg5 32. b4 Kb8 33. b5 Ne7 34. Rb1 f5 35. Qh5 Qxh5 36. Nxh5 Rc8 37. Nf6 Be6 38. Bb3 Bxb3 39. Rxb3 Rc1+ 40. Kh2 Kc7 41. g4 Rc3 42. Rb1 fxg4 43. Nxg4 Kd6 44. Rd1 Nd5 45. a4 Nf4 46. a5 Rh3+ 47. Kg1 Ne2+ 48. Kg2 Ra3 49. a6 b6 50. Ne3 Ra4 51. a7 Nc3 52. Rd2 Rxa7 53. Nc4+ Kd5 54. Nxb6+ Kc5 55. f4 Rg7+ 56. Kf1 Kxb6 0-1

[Event "Hart House Reading Week op"]
[Site "Toronto CAN"]
[Date "2026.02.14"]
[Round "1.6"]
[White "Noritsyn, Sergey"]
[Black "Gao, Raymond"]
[Result "1-0"]
[WhiteElo "2290"]
[BlackElo "2056"]
[WhiteFideId "-1"]
[BlackFideId "-1"]
[PlyCount "107"]
[GameId "2277470067867648"]
[EventDate "2026.02.14"]
[EventType "swiss"]
[EventRounds "6"]
[EventCountry "CAN"]

1. c4 Nf6 2. Nc3 c5 3. Nf3 Nc6 4. d4 cxd4 5. Nxd4 e6 6. Ndb5 Bb4 7. Bf4 O-O 8. Bc7 Qe7 9. a3 Bxc3+ 10. bxc3 Ne8 11. Bd6 Nxd6 12. Qxd6 Qf6 13. e3 b6 14. Be2 Bb7 15. O-O Na5 16. Rad1 Bc6 17. Nd4 Nb7 18. Qb4 Be4 19. f3 Bc6 20. f4 Nc5 21. Nxc6 dxc6 22. Rd6 Ne4 23. Rxc6 Qxc3 24. Qxc3 Nxc3 25. Bf3 Rac8 26. Kf2 Rxc6 27. Bxc6 Rc8 28. Rc1 Rxc6 29. Rxc3 Kf8 30. e4 Ke7 31. Ke3 Rc5 32. Kd4 Rh5 33. h3 Ra5 34. Rb3 f6 35. e5 Kf7 36. Rd3 Ke7 37. Rc3 Kf7 38. g4 g5 39. fxg5 fxg5 40. Rf3+ Ke7 41. Rf6 Rxa3 42. Rh6 Kf7 43. Rxh7+ Kg6 44. Re7 Rxh3 45. Rxe6+ Kf7 46. Rf6+ Kg7 47. Rf5 Kg6 48. e6 Rh1 49. Kd5 Rd1+ 50. Kc6 Re1 51. Kd7 Rd1+ 52. Rd5 Re1 53. e7 Kf7 54. Rf5+ 1-0

[Event "Hart House Reading Week op"]
[Site "Toronto CAN"]
[Date "2026.02.14"]
[Round "1.7"]
[White "Qian, Eric"]
[Black "Kot, Emanuel"]
[Result "0-1"]
[WhiteElo "2047"]
[BlackElo "2282"]
[WhiteFideId "-1"]
[BlackFideId "-1"]
[PlyCount "82"]
[GameId "2277470067871744"]
[EventDate "2026.02.14"]
[EventType "swiss"]
[EventRounds "6"]
[EventCountry "CAN"]

1. d4 Nf6 2. c4 e6 3. Nf3 d5 4. Nc3 dxc4 5. e3 a6 6. Bxc4 b5 7. Be2 Bb7 8. O-O Nbd7 9. b3 Be7 10. Bb2 O-O 11. Rc1 Rc8 12. Qc2 c5 13. dxc5 Nxc5 14. Rfd1 Qb6 15. a3 Nce4 16. Qb1 Nxf2 17. Kxf2 Ng4+ 18. Kg3 f5 19. Rd7 Bxf3 20. gxf3 Qxe3 21. Rf1 Rxc3 22. Bxc3 Qxe2 23. Rd2 Qe3 24. Qd3 Qg5 25. f4 Qh4+ 26. Kg2 Qxh2+ 27. Kf3 Qh3+ 28. Ke2 Qg2+ 29. Kd1 Qxf1+ 30. Qxf1 Ne3+ 31. Ke2 Nxf1 32. Kxf1 Rd8 33. Rg2 g6 34. b4 Kf7 35. Ra2 Rd3 36. Bd2 Bd6 37. Ke2 Rh3 38. a4 Bxb4 39. axb5 Bxd2 40. bxa6 Be3 41. Ra3 Rh2+ 0-1

[Event "Hart House Reading Week op"]
[Site "Toronto CAN"]
[Date "2026.02.14"]
[Round "1.8"]
[White "Plotkin, Victor"]
[Black "Yao, Henry"]
[Result "1-0"]
[WhiteElo "2283"]
[BlackElo "2035"]
[WhiteFideId "-1"]
[BlackFideId "-1"]
[PlyCount "77"]
[GameId "2277470067875840"]
[EventDate "2026.02.14"]
[EventType "swiss"]
[EventRounds "6"]
[EventCountry "CAN"]

1. Nf3 Nf6 2. d4 d5 3. c4 c6 4. cxd5 cxd5 5. Nc3 Nc6 6. Bf4 e6 7. e3 a6 8. Bd3 Be7 9. h3 b5 10. O-O Bb7 11. Rc1 Rc8 12. Bb1 O-O 13. Qd3 Na5 14. Ne5 Nc4 15. Qe2 Qa5 16. Nxc4 Rxc4 17. Bd3 Rc6 18. Qc2 b4 19. Qa4 Qb6 20. Ne2 Rfc8 21. Rxc6 Rxc6 22. Rc1 a5 23. Qb5 Bd8 24. Qxb6 Bxb6 25. Bb5 Rxc1+ 26. Nxc1 Bc8 27. Kf1 Bd7 28. Ba6 Kf8 29. Bd6+ Ke8 30. f3 Bc6 31. Nd3 Kd7 32. Bf8 g6 33. Ne5+ Ke8 34. Bg7 Nh5 35. Bh8 Ba8 36. g4 f6 37. Bb5+ Ke7 38. Nd7 Ng3+ 39. Kf2 1-0

[Event "Hart House Reading Week op"]
[Site "Toronto CAN"]
[Date "2026.02.14"]
[Round "1.9"]
[White "Wang, Bingfei"]
[Black "Moses, Neil"]
[Result "0-1"]
[WhiteElo "2025"]
[BlackElo "2222"]
[WhiteFideId "-1"]
[BlackFideId "-1"]
[PlyCount "90"]
[GameId "2277470067879936"]
[EventDate "2026.02.14"]
[EventType "swiss"]
[EventRounds "6"]
[EventCountry "CAN"]

1. d4 Nf6 2. Nf3 e6 3. c4 a6 4. e3 c5 5. a3 b6 6. Nc3 Bb7 7. Qc2 Bxf3 8. gxf3 cxd4 9. exd4 Qc7 10. Bd3 Nc6 11. Be3 Ne7 12. Rc1 Ng6 13. h4 Nf4 14. Kf1 Nxd3 15. Qxd3 Qb7 16. d5 Rc8 17. h5 h6 18. Ne4 Be7 19. d6 Bd8 20. Ke2 Kf8 21. b4 Ne8 22. c5 f5 23. Nd2 b5 24. Nb3 Nf6 25. c6 Rxc6 26. Rxc6 Qxc6 27. Rc1 Qa8 28. Nc5 Kf7 29. Qd1 Kg8 30. a4 Bb6 31. axb5 axb5 32. Ra1 Qc8 33. Rc1 Bxc5 34. Rxc5 Qa6 35. Qd3 Nd5 36. Qc2 Qxd6 37. Rc8+ Kh7 38. Rxh8+ Kxh8 39. Qc8+ Kh7 40. Bc5 Qe5+ 41. Kf1 Nf4 42. Qa8 Qe2+ 43. Kg1 Qe1+ 44. Kh2 Qf1 45. Kg3 e5 0-1

[Event "Hart House Reading Week op"]
[Site "Toronto CAN"]
[Date "2026.02.14"]
[Round "1.10"]
[White "Malakar, Saarthak"]
[Black "Gao, Heye"]
[Result "1-0"]
[WhiteElo "2206"]
[BlackElo "2024"]
[WhiteFideId "-1"]
[BlackFideId "-1"]
[PlyCount "79"]
[GameId "2277470067884032"]
[EventDate "2026.02.14"]
[EventType "swiss"]
[EventRounds "6"]
[EventCountry "CAN"]

1. d4 d5 2. Nf3 Nf6 3. g3 c6 4. Bg2 Bg4 5. Ne5 Bf5 6. c4 e6 7. O-O Nbd7 8. h3 Be7 9. Nc3 h6 10. Qb3 Qb6 11. Nxd7 Nxd7 12. e4 dxe4 13. Nxe4 O-O 14. Rd1 Nf6 15. f3 Rfd8 16. Be3 Rd7 17. Rd2 Rad8 18. Qxb6 axb6 19. Rad1 Ne8 20. g4 Bg6 21. Nc3 Nc7 22. f4 f6 23. d5 Bc5 24. Bxc5 bxc5 25. Na4 Na6 26. d6 Re8 27. a3 Bf7 28. b4 cxb4 29. axb4 Rb8 30. b5 Nb4 31. Nc5 Rdd8 32. Rb1 b6 33. bxc6 Nxc6 34. Na6 Rbc8 35. d7 Ra8 36. Rxb6 Ra7 37. Bxc6 Kf8 38. Rb8 Ke7 39. Rxd8 Kxd8 40. Nc5 1-0

[Event "Hart House Reading Week op"]
[Site "Toronto CAN"]
[Date "2026.02.14"]
[Round "2.1"]
[White "Moses, Neil"]
[Black "Atanasov, Anthony"]
[Result "0-1"]
[WhiteElo "2222"]
[BlackElo "2441"]
[WhiteFideId "-1"]
[BlackFideId "-1"]
[PlyCount "66"]
[GameId "2277566402662400"]
[EventDate "2026.02.14"]
[EventType "swiss"]
[EventRounds "6"]
[EventCountry "CAN"]

1. Nf3 d5 2. e3 Nf6 3. c4 e6 4. Nc3 Bd6 5. b3 O-O 6. Bb2 Re8 7. Nb5 Be7 8. Be5 Na6 9. Be2 c6 10. Nc3 Nc5 11. d4 Ncd7 12. O-O Nxe5 13. Nxe5 Nd7 14. Nxd7 Bxd7 15. Bd3 g6 16. a3 a5 17. Na4 Bd6 18. Nc3 e5 19. dxe5 Bxe5 20. Rc1 dxc4 21. Bxc4 Qe7 22. a4 Rad8 23. Qf3 Bf5 24. g3 h5 25. Rfe1 Kg7 26. h4 Bg4 27. Qg2 Qb4 28. Na2 Qd6 29. f4 Bf6 30. e4 Qd2 31. e5 Qxg2+ 32. Kxg2 Rd2+ 33. Kg1 Bd8 0-1